000 00639nam a2200193Ii 4500
003 JO-AjNU
008 230605s9999||||xx |||||||||||||| ||und||
040 _aJO-AjNU
_bara
_erda
_cJO-AjNU
041 _aara
050 1 4 _aBF175.J65.1980
100 3 _aجونز،ارنست ، عبده،سمير/ترجمة,
_eauthor
_919834
245 0 0 _aمعنى التحليل النفسي
264 3 1 _aبيروت:منشورات دار مكتبة الحياة،1980
300 _a103ص
336 _atext
_btxt
_2rdacontent
337 _aunmediated
_bn
_2rdamedia
338 _avolume
_bnc
_2rdacarrier
650 4 _aالتحليل النفسي
_919835
999 _aA6615
_c10183
_d10183